| 000 | 00463nam a2200157Ia 4500 | ||
|---|---|---|---|
| 008 | 210210b1999 xxu||||| |||| 00| 0 eng d | ||
| 020 | _a81 219 1483 3 | ||
| 082 | _a658.562 DALI | ||
| 100 | _aDALELA (Suresh) and SAURABH. | ||
| 245 | _aISO 9000 a manual for total quality management. | ||
| 260 |
_aN D _bS. Chand & Co. Ltd. _c1999 |
||
| 300 | _avii, 472 | ||
| 650 | _aI S O 9000, Total Quality Management T Q M | ||
| 690 | _aQuality Contr | ||
| 906 | _a0557 | ||
| 999 |
_c102986 _d102986 |
||